Lý thuyết và thiết bị cháy

Nội dung cuốn sách trình bày những kiến thức cơ bản về hoá học, nhiệt động học liên quan đến quá trình cháy nhiên liệu trong các thiết bị cháy công nghiệp. Đồng thời giới thiệu những tính năng, đặc tính kỹ thuật và phạm vi sử dụng, phư...

Szczegółowa specyfikacja

Zapisane w:
Opis bibliograficzny
1. autor: Nguyễn, Sĩ Mão
Format: Książka
Język:Undetermined
Wydane: Hà Nội Khoa học và Kỹ thuật 2002
Hasła przedmiotowe:
Etykiety: Dodaj etykietę
Nie ma etykietki, Dołącz pierwszą etykiete!
Thư viện lưu trữ: Trung tâm Học liệu Trường Đại học Cần Thơ
LEADER 01500nam a2200205Ia 4500
001 CTU_120054
008 210402s9999 xx 000 0 und d
020 |c 48000 
082 |a 628.92 
082 |b M108 
100 |a Nguyễn, Sĩ Mão 
245 0 |a Lý thuyết và thiết bị cháy 
245 0 |c Nguyễn Sĩ Mão 
260 |a Hà Nội 
260 |b Khoa học và Kỹ thuật 
260 |c 2002 
520 |a Nội dung cuốn sách trình bày những kiến thức cơ bản về hoá học, nhiệt động học liên quan đến quá trình cháy nhiên liệu trong các thiết bị cháy công nghiệp. Đồng thời giới thiệu những tính năng, đặc tính kỹ thuật và phạm vi sử dụng, phương pháp tính toán thiết kế các thiết bị cháy chủ yếu, trọng tâm là thiết bị lò hơi. Một nội dung quan trọng nữa được đề cập trong cuốn sách này là những vấn đề kỹ thuật và công nghệ cháy sạch, nội dung những yêu cầu bức thiết đặt ra cùng với sự phát triển bền vững nền kinh tế nói chung và công nghiệp năng lượng nói riêng. 
650 |a Fire fighting equipment industry,Fire prevention,Fire sprinklers 
904 |i Hiếu 
980 |a Trung tâm Học liệu Trường Đại học Cần Thơ